College Football Matchups: Georgia Tech - Statistics

General Stats
  • This quiz has been taken 113 times
    30 since last reset
  • The average score is 13 of 16
Answer Stats
Games Opponent Subdivision % Correct
119 Georgia Power 4
100%
90 Clemson Power 4
96%
38 Florida Power 4
88%
28 Florida State Power 4
88%
45 Virginia Power 4
88%
52 Alabama Power 4
84%
92 Auburn Power 4
84%
92 Duke Power 4
80%
29 Miami Power 4
80%
59 North Carolina Power 4
80%
33 NC State Power 4
76%
44 Tennessee Power 4
76%
33 Wake Forest Power 4
76%
50 Tulane Group of 5
68%
39 Vanderbilt Power 4
64%
38 Notre Dame Power 4
36%
No matching quizzes found
Score Distribution
Percent of People with Each Score
Percentile by Number Answered
Your Score History
You have not taken this quiz since the last reset